000 00896nas a2200289 4500
001 BR0101221
003 BR-BrBNA
005 20231205102117.0
007 ta
008 230509b bl.|||p| |||| 00| 00por d
040 _aBR-BrBNA
_bpor
_cBiblioteca Nacional de Agricultura
041 _a(Pt)
072 _aF62
100 1 _aEzequiel, J.M.B.
100 1 _aFavoretto, V.
245 1 _aEfeito do manejo sobre a producao e composicao quimica de perfilhos do capim coloniao (Panicum maximum Jacq.)
650 _aCapim Coloniao
650 _aPerfilhacao
650 _aEpoca de Corte
650 _aMateria Seca
650 _aProteina Bruta
650 _aLatossolo Roxo
650 _aSao Paulo
773 0 _tRevista Brasileira de Zootecnia (Brazil)
_xISSN 1516-3598
_g(Nov-Dec 2000), v. 29(6) p. 1596-1607
_wBR0101221
909 _a202311
_bLúcia
_c55
_dLúcia Elande
942 _2AGRIS
_n0
_cANA
999 _c165797
_d165797